Cities by suburb: USA 2 - Statistics

General Stats
  • This quiz has been taken 47 times
  • The average score is 7 of 13
Answer Stats
Hint Answer % Correct
Chino, Zaferia, Strawberry Park, Skid Row, South Park Los Angeles
80%
Goodyear, Good Samaritan, Surprise, Arcadia Lite Phoenix
76%
Wolf Creek, Love Field, Redbird, Hunters Glen Dallas
73%
Quaker Acres, Rainbow Ridge, Kipling Heights, Fruitdale Denver
73%
Shadyside, South Park Township, Windgap, Fineview Pittsburgh
61%
Idylwood, Lazybrook, Greater Hobby, Greater Heights Houston
59%
Minnehaha, Troutdale, First Addition, Glen Echo Portland
54%
Lawrence, Warren, Harding, Broad Ripple Indianapolis
44%
Dutchtown, The Gate, Bevo, Olivette St Louis
41%
Sandalwood, Deer Wood, Oak Hill, Cedar Hills Jacksonville
34%
Spyglass Hill, Social Settlement, Long School, Triple One Omaha
32%
Pocket, Scotland, Cloud Nine, Gold Creek Sacramento
24%
Frog Hollow, Behind the Rocks, Clay Arsenal, East Berlin Hartford
17%
No matching quizzes found
Score Distribution
Percent of People with Each Score
Percentile by Number Answered
Your Score History
You have not taken this quiz